El árbol del paraíso /

Bibliographic Details
Main Authors: Martínez, Marco, 1953- (Author), Zapata, Cristóbal (Author)
Format: Electronic eBook
Language:Spanish
Published: Cuenca, Ecuador : Universidad del Azuay, Casa Editora, [2023]
Subjects:
Online Access:Digitalia Hispánica

MARC

LEADER 00000nam a2200000 i 4500
001 DIGUAZUAY0180
003 NyNyDIG
007 cr |||||||||||
008 260119s2023 ec ao o 000 0 spa d
006 m o d
035 |a (OCoLC)1420742066 
040 |a DGITA  |b eng  |e rda  |e pn  |c DGITA 
020 |a 9789942618658  |q eBook 
020 |z 9789942618641 
043 |a s-ec--- 
050 1 4 |a NX536 ebook 
100 1 |a Martínez, Marco,  |d 1953-  |e author. 
245 1 3 |a El árbol del paraíso /  |c de la obra, Marco Martínez Espinoza ; del texto, Cristóbal Zapata. 
264 1 |a Cuenca, Ecuador :  |b Universidad del Azuay, Casa Editora,  |c [2023] 
300 |a 1 online resource :  |b color illustrations, color photographs. 
336 |a text  |b txt  |2 rdacontent 
337 |a computer  |b c  |2 rdamedia 
338 |a online resource  |b cr  |2 rdacarrier 
347 |a text file  |2 rdaft 
347 |b PDF 
588 0 |a Online resource; title from PDF title page (Digitalia, viewed January 19, 2026) 
650 0 |a Art, Ecuadorian. 
650 0 |a Artists  |z Ecuador  |z Cuenca. 
700 1 |a Zapata, Cristóbal,  |e author. 
791 2 |a Digitalia (Firm),  |e distributor. 
793 0 |g Digitalia eBook Collection:  |a Universidad del Azuay 
776 0 8 |i Print version:  |a Martínez, Marco, 1953-  |t Árbol del paraíso.  |d Cuenca, Ecuador : Universidad del Azuay, Casa Editora, [2023]  |z 9789942618641 
856 4 0 |3 Digitalia Hispánica  |u https://www.digitaliapublishing.com/a/133565/ 
910 |a Premium collection: 2026